000 00414nam a2200145Ia 4500
005 20240606014537.0
008 240331s9999 xx 000 0 und d
082 _bGOO
_a341
100 _aSouth Asia SAP-N. ed
245 0 _aGood governance :
_benhancing perspective for strategic planning
260 _aKathmandu
_bSouth Asia Partnership-Nepal
_c1999
300 _a71 p.,
650 _aGood Governance
942 _cL
999 _c4573
_d4573